000 00357nam a2200133 4500
005 20260530113856.0
100 1 _a1.Istambul Tasarim Bienali
_931773
245 1 0 _aKUSURLULULUK IMPERFECTION Turquía
264 1 _bikusuv Tasarim
_c2012
300 _a368 páginas
336 _atexto
_2rdacontent
337 _asin medio
_2rdamedia
338 _avolumen
_2rdacarrier
999 _c11634
_d11634